| 000 | 00545nam a22001937a 4500 | ||
|---|---|---|---|
| 005 | 20250529145621.0 | ||
| 008 | 250418b |||||||| |||| 00| 0 eng d | ||
| 020 | _a9789811238703 | ||
| 040 | _cSDCL | ||
| 041 |
_2eng _aeng |
||
| 084 | _aX81:8 R2 | ||
| 100 |
_aEdward H. K. NG _9811053 |
||
| 245 |
_aRisk analytics : _bFrom concept to deployment |
||
| 250 | _a2nd | ||
| 260 |
_aChennai : _bWorld Scientific, _c2022. |
||
| 300 | _axii,230p. | ||
| 490 |
_aWorld scientific series on financial data analytics _vVolume 1 |
||
| 942 |
_2CC _cTEXL |
||
| 999 |
_c1309140 _d1309140 |
||